Programa de estimación de zonas y ajuste de reles de impedancia
Gorde:
| Egile nagusia: | |
|---|---|
| Beste egile batzuk: | |
| Formatua: | Liburua |
| Argitaratua: |
San José, Costa Rica
1987
|
| Gaiak: | |
| Etiketak: |
Etiketa erantsi
Etiketarik gabe, Izan zaitez lehena erregistro honi etiketa jartzen!
|
MARC
| LEADER | 00000nam a2200000Ia 4500 | ||
|---|---|---|---|
| 003 | 4363 | ||
| 005 | 20221231144348.0 | ||
| 008 | 140114s1987 cr a m 000 ||s d | ||
| 040 | |c cru CEDI | ||
| 090 | |a TFG 2020 | ||
| 100 | |a Valle Tello, Ronald |9 8733 | ||
| 245 | |a Programa de estimación de zonas y ajuste de reles de impedancia | ||
| 260 | |c 1987 |a San José, Costa Rica | ||
| 300 | |a vii, 126 hojas : ilustraciones ; 28 cm | ||
| 500 | |a Proyecto de graduación (licenciatura en ingeniería eléctrica)--Universidad de Costa Rica. Facultad de Ingeniería. Escuela de Ingeniería Eléctrica | ||
| 650 | |x ENERGIA ELECTRICA - PRODUCCION - PROCESAMIENTO DE DATOS |9 13792 | ||
| 700 | |9 13790 |a Gutiérrez Ramírez, Miguel | ||
| 942 | |c TFG | ||
| 999 | |c 20733 |d 20733 | ||
